Sắc đẹp và bạn gái

में बचाया:
ग्रंथसूची विवरण
मुख्य लेखक: M. Puskorova
स्वरूप: पुस्तक
भाषा:Undetermined
प्रकाशित: H. TDTT 2003
विषय:
टैग : टैग जोड़ें
कोई टैग नहीं, इस रिकॉर्ड को टैग करने वाले पहले व्यक्ति बनें!
Thư viện lưu trữ: Trung tâm Học liệu Trường Đại học Cần Thơ
LEADER 00583nam a2200205Ia 4500
001 CTU_58926
008 210402s9999 xx 000 0 und d
020 |c 28000 
082 |a 613.0424 
082 |b P987 
100 |a M. Puskorova 
245 0 |a Sắc đẹp và bạn gái 
245 0 |c M. Puskorova, G. Kodlovski và L. Khubev; Lê Quý Phượng biên dịch 
260 |a H. 
260 |b TDTT 
260 |c 2003 
650 |a Women,Grooming of girls 
650 |x Health and hygiene 
904 |i Minh 
980 |a Trung tâm Học liệu Trường Đại học Cần Thơ